|
|
|
|
| LEADER |
00000nam a2200000 i 4500 |
| 001 |
1/77387 |
| 008 |
080313s2005 fre d |
| 020 |
|
|
|a 2-7108-0848-X
|
| 035 |
|
|
|l 10095424
|
| 040 |
|
|
|a GR-MY-UA
|b gre
|e aacr
|
| 041 |
0 |
|
|a fre
|
| 082 |
0 |
|
|a 519.53
|2 (22)
|
| 100 |
1 |
|
|a Nakache, Jean-Pierre.
|
| 245 |
1 |
0 |
|a Approche pragmatique de la classification :
|b Arbres hierarchiques, partitionnements /
|c Jean-Pierre Nakache, Josiane Confais
|
| 260 |
|
|
|a Paris :
|b Technip,
|c 2005
|
| 300 |
|
|
|a x, 256 σ.;
|b εικ., πίν., σχέδια;
|c 24 εκ.
|
| 504 |
|
|
|a Βιβλιογραφία: σ. 247-256
|
| 504 |
|
|
|a Ευρετήριο: σ. 257-262
|
| 650 |
0 |
0 |
|a Cluster analysis.
|
| 650 |
0 |
0 |
|a Discriminant analysis.
|
| 700 |
1 |
|
|a Confais, Josiane.
|
| 852 |
|
|
|a INST
|b LESVOS
|e 20080313
|h 519.53 NAK
|p 005100039370
|q 005100039370
|t BK
|y 0
|
| 901 |
|
|
|a BIBL1-2008-1
|
| 909 |
|
|
|a Λ
|b 145847
|
| 922 |
|
|
|a 1ΕΛΗ
|b 200802
|c ΕΠΕΑΕΚ2/ΤΕΘ
|d ΠΑΠΑΣΩΤΗΡΙΟΥ
|
| 970 |
|
|
|a ΚΑΡΑ
|b ΓΙΑΣΕΜΗ
|z 2008/03/13
|